Principios metafísicos del derecho
Wedi'i Gadw mewn:
| Fformat: | Llyfr |
|---|---|
| Iaith: | Sbaeneg |
| Cyhoeddwyd: |
Buenos Aires
Americalee
1943
|
| Cyfres: | Los clásicos políticos, 6
|
| Pynciau: | |
| Tagiau: |
Ychwanegu Tag
Dim Tagiau, Byddwch y cyntaf i dagio'r cofnod hwn!
|
MARC
| LEADER | 00000nam a2200000 a 4500 | ||
|---|---|---|---|
| 001 | UCV1029 | ||
| 003 | CL-VaPUC | ||
| 005 | 20210625001617.0 | ||
| 008 | 890824e19430000AG |||||||||||||||||spa|d | ||
| 999 | |c 209136 |d 209134 | ||
| 040 | |c Pontificia Universidad Católica de Valparaíso | ||
| 082 | 0 | 4 | |a 193 |b KAN |2 21 |
| 245 | 1 | 0 | |a Principios metafísicos del derecho |
| 260 | |a Buenos Aires |b Americalee |c 1943 | ||
| 300 | |a 215 p | ||
| 490 | 0 | |a Los clásicos políticos, 6 | |
| 583 | |a last modification |c 19890824 00:00:00 |k Rodrigo Vera | ||
| 650 | 0 | |a Derecho natural |9 255041 | |
| 650 | 0 | |a Estado |9 255503 | |
| 650 | 0 | |a Filosofía del derecho |9 255050 | |
| 852 | |a BIBCUR | ||
| 942 | |c BK |2 ddc | ||
| 945 | |d 19890824 00:00:00 | ||
| 952 | |0 0 |1 0 |4 0 |6 193_000000000000000_KAN_1943 |7 0 |8 DER_TF |9 184325 |a BIBDER |b BIBDER |d 2019-11-14 |i 2515423 |o 193 KAN 1943 |p 2515423 |r 2023-01-25 |w 2019-11-14 |x Ubicación 4to Piso |y BK |z Estos recursos deben solicitarse con anticipación |k DER | ||